Arabian Skethukal (Record no. 97344)

MARC details
000 -LEADER
fixed length control field 00363nam a2200145Ia 4500
008 - FIXED-LENGTH DATA ELEMENTS--GENERAL INFORMATION
fixed length control field 211118s9999||||xx |||||||||||||| ||und||
082 ## - DEWEY DECIMAL CLASSIFICATION NUMBER
Classification number 911
Item number NAY-A
100 ## - MAIN ENTRY--PERSONAL NAME
Personal name Nayanar, E K
245 #0 - TITLE STATEMENT
Title Arabian Skethukal
260 ## - PUBLICATION, DISTRIBUTION, ETC.
Name of publisher, distributor, etc. Olive Publications
Place of publication, distribution, etc. Calicut
Date of publication, distribution, etc. 1999
300 ## - PHYSICAL DESCRIPTION
Extent 122p.
630 ## - SUBJECT ADDED ENTRY--UNIFORM TITLE
General subdivision General Stack
650 ## - SUBJECT ADDED ENTRY--TOPICAL TERM
Topical term or geographic name entry element History
942 ## - ADDED ENTRY ELEMENTS (KOHA)
Koha item type BOOK
650 ## - SUBJECT ADDED ENTRY--TOPICAL TERM
Form subdivision ArabiaGeneralia
Holdings
Withdrawn status Lost status Damaged status Not for loan Home library Current library Date acquired Cost, normal purchase price Total Checkouts Full call number Barcode Shelving location Date last seen Price effective from Koha item type
        SB LIBRARY SB LIBRARY 18/11/2021 75.00   911 NAY-A 00102696 GENERAL STACK 18/11/2021 18/11/2021 BOOK

Powered by Koha